00504nam a2200205Ia 4500003000400000005001700004008004100021020001600062040000700078041000800085082001700093100002200110245003400132250000600166260002800172300001700200365001300217650003100230650003700261OSt20230527095031.0210423s2000 xx 000 0 und d a817043114-X cAL aeng a361 CHOS223 aCHOWDHRY (D Paul) aSocial welfare administration a4 bAtma ram and sonsc2000 aviii,311bHB b225cINR aSocial Problems & Services aSocial Problems & Social Welfare